000 00495nam a2200157 a 4500
001 000031360
005 20240226131943.0
008 110620s1937 dr 000 0 spa d
040 _aDO-SdBNP
_bspa
_cBNPHU
082 _axxxx
_bG216r
100 1 _aAvelino, Andrés,
_d1900-1974
_931875
245 1 3 _aLa relatividad como culminación de la filosofía cientifíca. /
_cAndres Avelino García Solano.
260 _a[Santo Domingo] :
_b[s. n.],
_c[1937].
300 _a60 p. :
_b24 cm.
049 _aBNPD
999 _c30852
_d30852